Least Guessed US Counties - Statistics

General Stats
  • This quiz has been taken 9 times
  • The average score is 9 of 49
Answer Stats
state county % Correct
started
100%
PA Miff{lin}
67%
TN Over{ton}
56%
WI Kewau{nee}
44%
SD Ly{man}
44%
LA Ibervi{lle}
33%
SD KIngsb{ury}
33%
KY Magof{fin}
33%
TN Ma{ury}
33%
WV Pleasa{nts}
33%
TN Trousd{ale}
33%
TN Weak{ley}
33%
NC Ber{tie}
22%
TN McM{inn}
22%
NE Nucko{lls}
22%
WI Oco{nto}
22%
TN Pick{ett}
22%
MS Ran{kin}
22%
SD Sanb{orn}
22%
TN Sequatc{hie}
22%
MS Tallahatc{hie}
22%
TN Fentr{ess}
11%
KS Labe{tte}
11%
WI Langl{ade}
11%
TN McNa{iry}
11%
SD Melle{tte}
11%
MI Montmore{ncy}
11%
ND Mountr{ail}
11%
LA Natchitoc{hes}
11%
WI Ozau{kee}
11%
MS Prent{iss}
11%
ND Role{tte}
11%
MS Shar{key}
11%
TN Uni{coi}
11%
KS Wabaun{see}
11%
MS Walth{all}
11%
MS Yalobu{sha}
11%
ND LaMo{ure}
0%
TN Ob{ion}
0%
MS Oktibb{eha}
0%
WI Outaga{mie}
0%
WI Pe{pin}
0%
WI Shaw{ano}
0%
LA Tangipa{hoa}
0%
LA Ten{sas}
0%
WI Trempeal{eau}
0%
WI Waup{aca}
0%
WI Waush{ara}
0%
WV Wet{zel}
0%
No matching quizzes found
Score Distribution
Percent of People with Each Score
Percentile by Number Answered
Your Score History
You have not taken this quiz